01472cam a22003615a 450000100090000000300090000900500170001800800410003502000300007602000180010604000380012408200200016210000270018224501210020924600170033026400630034726400100041030000450042033600260046533700280049133800270051950000240054650400410057065000670061165100100067865300320068865500240072070000360074494200120078099900170079295201440080995201570095311769374EG-ScBUE20220629130435.0990811t2000 nyua f b 000 0 eng d a0194358259 (student book) a9780194358255 aDLCbengerdacDLCdDLCdEG-ScBUE04222a428.64bEDI1 aEdiger, Anne,eauthor.10aReading connections :bskills and strategies for purposeful reading,pIntermediate /cAnne Ediger and Cheryl Pavlik.30aIntermediate 1aNew York, NY ;aOxford :bOxford University Press,c[2000] 4cc2000 axxi, 218 pages :billustrations ;c26 cm 2rdacontentatextbtxt 2rdamediaaunmediatedbn 2rdacarrieravolumebnc aIncludes appendix.  aIncludes bibliographical references. 7aEnglish languagevTextbooks for foreign speakers.2BUEsh95696 2BUEsh bGGENbHHUUEENNcJanuary2018 vReading book9342321 aPavlik, Cheryl,d1949-eauthor. 2ddccBB c26059d26031 00102ddc40708AcademicaMAINbMAINc2NDd2015-04-08ePurchasel3o428.64 EDIp000010685r2025-07-15 00:00:00s2013-10-02w2008-04-15yBB 00102ddc40708AcademicaMAINbMAINc2NDd2018-01-31ePurchaseg107.00h2000086l0o428.64 EDIp000047207r2025-07-15 00:00:00v133.75w2018-01-31yBB